Military Alphabet in 90 seconds - Statistics

General Stats
  • This quiz has been taken 36 times
  • The average score is 18 of 26
Answer Stats
Hint Answer % Correct
A alpha
100%
D delta
100%
C charlie
91%
B bravo
88%
F foxtrot
88%
E echo
79%
Z zulu
76%
G golf
73%
L lima
73%
H hotel
70%
J juliett
70%
Q quebec
70%
T tango
70%
X x-ray
70%
I india
67%
K kilo
67%
R romeo
64%
M mike
61%
O oscar
61%
N november
55%
S sierra
52%
W whiskey
52%
Y yankee
52%
P papa
48%
U uniform
45%
V victor
36%
No matching quizzes found
Score Distribution
Percent of People with Each Score
Percentile by Number Answered
Your Score History
You have not taken this quiz